00911nam a22002657a 4500003000500000005001700005008004100022010001000063011001000073035001000083040000900093100003400102245012500136260003800261300001100299500001800310502005900328650004700387650003700434650004800471650002400519650002800543700003900571700003500610CHAP20220617062538.0971013s1980 mx r 00010 spa d a32414 a33386 a37501 cCHAP00aCruz Rock, José Luis de la.10aAcumulación de capital y relaciones sociales de producción en el ingenio El Modeloc/por José Luis de la Cruz Rock aMéxico, D.F. :bEl autor,c1980 a145 h. ac.4 en bodega aTesis (Lic. en Economía) -- UNAM. Fac. de Economía14aCaña de azúcarxAspectos económicos.14aCaña de azúcarxRendimiento.14aCaña de azúcarxTrabajadoresxVeracruz.13aIndustria azucarera14aIngenio El Modelo, Ver.0 aArguello Zepeda, Francisco José.0 aSánchez Martínez, Antonio.